[Event "Guatemala Caissa op 2nd"]
[Site "Guatemala City"]
[Date "2020.01.10"]
[Round "6"]
[White "Juarez Flores, Roberto Alfonso"]
[Black "Henriquez Villagra, Cristobal"]
[Result "0-1"]
[WhiteElo "2135"]
[BlackElo "2603"]
[PlyCount "58"]
[EventDate "2020.01.08"]
[EventType "swiss"]
[EventRounds "9"]
[EventCountry "GUA"]
[SourceTitle "CBM 194 Extra"]
[Source "ChessBase"]
[SourceDate "2020.03.31"]
[SourceVersion "1"]
[SourceVersionDate "2020.03.31"]
[SourceQuality "1"]

1. d4 g6 2. c4 Bg7 3. Nc3 d6 4. e4 e5 5. d5 a5 6. Nf3 Bd7 7. h3 Na6 8. a3 Nc5 9. Be3 f5 10. Nd2 Nf6 11. Qc2 b6 12. Be2 0-0 13. g4 fxg4 14. hxg4 Nxg4 15. Bxg4 Bxg4 16. Nf1 Bf3 17. Rh3 Qd7 18. Rg3 Rf7 19. Nh2 Bh5 20. Kd2 a4 21. Rf1 Nb3+ 22. Ke1 Bf6 23. Nf3 Raf8 24. Ng5 Bxg5 25. Rxg5 Qh3 26. Rfg1 Nd4 27. Bxd4 exd4 28. R5g3 Qh4 29. Nb5 Rxf2 0-1

[Event "Guatemala op"]
[Site "Guatemala City"]
[Date "2019.01.11"]
[Round "5"]
[White "Juarez Flores, Roberto Alfonso"]
[Black "Barrientos Chavarriaga, Sergio E"]
[Result "0-1"]
[WhiteElo "2109"]
[BlackElo "2494"]
[PlyCount "83"]
[EventDate "2019.01.09"]
[EventType "swiss"]
[EventRounds "9"]
[EventCountry "GUA"]
[SourceTitle "CBM 188 Extra"]
[Source "ChessBase"]
[SourceDate "2019.02.26"]
[SourceVersion "1"]
[SourceVersionDate "2019.02.26"]
[SourceQuality "1"]

1. d4 Nf6 2. c4 d6 3. Nc3 Nbd7 4. e4 e5 5. d5 Nc5 6. Qc2 a5 7. h3 Be7 8. Be3 0-0 9. Nf3 Nfd7 10. g4 c6 11. Be2 a4 12. 0-0-0 Qa5 13. Kb1 Nb6 14. Nd2 Bd7 15. a3 Rac8 16. Rc1 Na8 17. Qd1 Nc7 18. f3 cxd5 19. cxd5 b5 20. Na2 N7a6 21. Rc3 Rb8 22. Qc2 Qd8 23. Rc1 Bg5 24. Qd1 Bxe3 25. Rxe3 Qg5 26. Rec3 g6 27. Qe1 f5 28. h4 Qf4 29. gxf5 gxf5 30. Nb4 fxe4 31. Nxa6 Nxa6 32. fxe4 Qf2 33. Rg3+ Kh8 34. Bg4 Bxg4 35. Rxg4 Nc5 36. Qd1 Qd4 37. Nf1 Nd3 38. Rc2 b4 39. Rg3 Nc5 40. Nd2 bxa3 41. Rxa3 Rb3 42. Rc3 0-1

[Event "Guatemala op"]
[Site "Guatemala City"]
[Date "2019.01.09"]
[Round "2"]
[White "Juarez Flores, Roberto Alfonso"]
[Black "Zaragatski, Ilja"]
[Result "0-1"]
[WhiteElo "2109"]
[BlackElo "2465"]
[PlyCount "66"]
[EventDate "2019.01.09"]
[EventType "swiss"]
[EventRounds "9"]
[EventCountry "GUA"]
[SourceTitle "CBM 188 Extra"]
[Source "ChessBase"]
[SourceDate "2019.02.26"]
[SourceVersion "1"]
[SourceVersionDate "2019.02.26"]
[SourceQuality "1"]

1. d4 Nf6 2. c4 c5 3. d5 b5 4. cxb5 a6 5. b6 d6 6. Nc3 Qxb6 7. Nf3 g6 8. e4 Bg7 9. Nd2 0-0 10. a4 Nbd7 11. a5 Qa7 12. Nc4 Ne8 13. Be2 Nc7 14. Na4 Rb8 15. Nab6 Na8 16. Na4 Ne5 17. Ncb6 Nxb6 18. Nxb6 Nd7 19. Nxc8 Rfxc8 20. Qc2 Rb4 21. 0-0 Rcb8 22. Ra2 Bd4 23. Kh1 Qb7 24. h3 Nf6 25. Bd3 Qc8 26. Rd1 e6 27. dxe6 Qxe6 28. Ra4 Rxa4 29. Qxa4 Nxe4 30. Bxe4 Qxe4 31. Be3 Rb4 32. Qd7 Bxe3 33. Re1 Rxb2 0-1

[Event "Olympiad-39"]
[Site "Khanty-Mansiysk"]
[Date "2010.09.23"]
[Round "3.4"]
[White "Juarez Flores, Roberto Alfonso"]
[Black "Boada, Winston"]
[Result "0-1"]
[WhiteElo "2106"]
[BlackElo "2270"]
[PlyCount "63"]
[EventDate "2010.09.21"]
[EventType "team-swiss"]
[EventRounds "11"]
[EventCountry "RUS"]
[SourceTitle "CBM 139"]
[Source "ChessBase"]
[SourceDate "2010.11.18"]
[SourceVersion "1"]
[SourceVersionDate "2010.11.18"]
[SourceQuality "1"]
[WhiteTeam "Guatemala"]
[BlackTeam "Venezuela"]
[WhiteTeamCountry "GUA"]
[BlackTeamCountry "VEN"]

1. d4 g6 2. e4 Bg7 3. Nc3 d6 4. f4 a6 5. Nf3 b5 6. Be3 Bb7 7. Bd3 Nd7 8. e5 c5 9. e6 Bxf3 10. exd7+ Kf8 11. Qxf3 cxd4 12. Bd2 dxc3 13. Bxc3 Bxc3+ 14. bxc3 Ra7 15. f5 Nf6 16. a4 Qxd7 17. 0-0 bxa4 18. g4 g5 19. Rfb1 Qc7 20. Rxa4 Qxc3 21. h3 Qc5+ 22. Kg2 d5 23. Qe2 a5 24. h4 d4 25. hxg5 Qc6+ 26. Kh3 Qxa4 27. gxf6 exf6 28. Qd2 Kg7 29. g5 Rg8 30. gxf6+ Kh8 31. Qh6 Qc6 32. Kh4 0-1

[Event "American Continental 04th"]
[Site "Cali"]
[Date "2007.07.19"]
[Round "10"]
[White "Juarez Flores, Roberto Alfonso"]
[Black "Barros, Raul"]
[Result "1/2-1/2"]
[WhiteElo "2177"]
[BlackElo "2056"]
[PlyCount "141"]
[EventDate "2007.07.10"]
[EventType "swiss"]
[EventRounds "11"]
[EventCountry "COL"]
[SourceTitle "CBM 119 Extra"]
[Source "ChessBase"]
[SourceDate "2007.09.04"]
[SourceVersion "1"]
[SourceVersionDate "2007.09.04"]
[SourceQuality "1"]

1. d4 c5 2. d5 e5 3. e4 d6 4. c4 a6 5. Nc3 Ne7 6. a4 Nd7 7. g3 Ng6 8. Bh3 Be7 9. Nf3 0-0 10. Qe2 Nf6 11. Bxc8 Qxc8 12. h3 Qd7 13. Kf1 Rae8 14. Kg2 Bd8 15. a5 h6 16. Bd2 Nh7 17. Rhb1 f5 18. b4 cxb4 19. Rxb4 Re7 20. exf5 Rxf5 21. Ne4 Ref7 22. Rb3 Nf6 23. Rab1 Nxe4 24. Qxe4 Qc8 25. Bb4 R5f6 26. Be1 Rc7 27. Rc1 Qd7 28. Bb4 Qa4 29. Rcb1 Rcf7 30. R1b2 Qd7 31. Qg4 Qe8 32. Re3 Qf8 33. Be1 Rc7 34. Nd2 Ne7 35. Ne4 Rg6 36. Qh5 Qf7 37. Rf3 Qe8 38. c5 Rxc5 39. Nxc5 Rxg3+ 40. Rxg3 Qxh5 41. Ne6 Qd1 42. Bd2 Nf5 43. Nxd8 Nxg3 44. Kxg3 Qg1+ 45. Kf3 Qh1+ 46. Ke2 Qxd5 47. Nxb7 Qe4+ 48. Kd1 Qh1+ 49. Ke2 d5 50. Nc5 Qxh3 51. Nxa6 Qg4+ 52. Ke1 Qe4+ 53. Kd1 Qf3+ 54. Kc1 h5 55. Nc7 h4 56. a6 h3 57. a7 h2 58. Rb8+ Kh7 59. a8Q h1Q+ 60. Kb2 Qhd1 61. Rh8+ Kg6 62. Qc6+ Qf6 63. Qe8+ Qf7 64. Qc6+ Kf5 65. Qc3 e4 66. Rd8 Qf6 67. Rxd5+ Kg6 68. Rd4 Qb6+ 69. Rb4 Qf6 70. Rd4 Qb6+ 71. Rb4 1/2-1/2

[Event "American Continental 04th"]
[Site "Cali"]
[Date "2007.07.14"]
[Round "5"]
[White "Navia Alvarez, Edwin Adrian"]
[Black "Juarez Flores, Roberto Alfonso"]
[Result "1/2-1/2"]
[WhiteElo "2019"]
[BlackElo "2177"]
[PlyCount "97"]
[EventDate "2007.07.10"]
[EventType "swiss"]
[EventRounds "11"]
[EventCountry "COL"]
[SourceTitle "CBM 119 Extra"]
[Source "ChessBase"]
[SourceDate "2007.09.04"]
[SourceVersion "1"]
[SourceVersionDate "2007.09.04"]
[SourceQuality "1"]

1. e4 g6 2. d4 Bg7 3. Nc3 d6 4. Be3 c6 5. Qd2 b5 6. h4 Nd7 7. 0-0-0 Qa5 8. Kb1 Rb8 9. Bd3 Nb6 10. Nce2 b4 11. Nc1 Na4 12. Nb3 Qc7 13. Ne2 c5 14. Bc4 cxd4 15. Bxd4 Nf6 16. Bd3 Be6 17. f3 Nb6 18. Nf4 Bc4 19. g4 e5 20. Bxb6 Rxb6 21. Bxc4 Qxc4 22. Nd5 Nxd5 23. Qxd5 Qxd5 24. Rxd5 h5 25. Na5 Ke7 26. Nc4 Rc6 27. b3 hxg4 28. fxg4 Bf6 29. h5 gxh5 30. gxh5 Bg5 31. a3 bxa3 32. Ra5 a6 33. Ka2 Ke6 34. Kxa3 f5 35. exf5+ Kxf5 36. c3 Ke6 37. Kb2 d5 38. Na3 Bd2 39. Nb1 Be3 40. Kc2 Bc5 41. Kd2 d4 42. Ra4 Rb8 43. cxd4 Bxd4 44. h6 Kf7 45. h7 Kg7 46. h8Q+ Rxh8 47. Rxh8 Kxh8 48. Kd3 Kg7 49. Ke4 1/2-1/2

[Event "American Continental 04th"]
[Site "Cali"]
[Date "2007.07.11"]
[Round "2"]
[White "Juarez Flores, Roberto Alfonso"]
[Black "Rua, Nora L"]
[Result "1-0"]
[WhiteElo "2177"]
[BlackElo "1960"]
[PlyCount "107"]
[EventDate "2007.07.10"]
[EventType "swiss"]
[EventRounds "11"]
[EventCountry "COL"]
[SourceTitle "CBM 119 Extra"]
[Source "ChessBase"]
[SourceDate "2007.09.04"]
[SourceVersion "1"]
[SourceVersionDate "2007.09.04"]
[SourceQuality "1"]

1. d4 d5 2. c4 c6 3. Nf3 Nf6 4. Nc3 Bf5 5. cxd5 Nxd5 6. Qb3 Qb6 7. Nxd5 Qxb3 8. Nc7+ Kd8 9. axb3 Kxc7 10. Bf4+ Kc8 11. Ne5 Bg6 12. h4 Nd7 13. Nxg6 hxg6 14. e4 e6 15. Bd3 Be7 16. Ke2 Bf6 17. Be3 Be7 18. g3 Nf6 19. Rhc1 Kd7 20. Bg5 a6 21. Rc2 Rac8 22. Rac1 Rhe8 23. Kf3 Ng8 24. Be3 Nf6 25. Bf1 Red8 26. Bh3 Ng8 27. d5 f5 28. exf5 gxf5 29. Bb6 Rf8 30. dxe6+ Kxe6 31. Re2+ Kf6 32. Rce1 g6 33. Bf1 Bb4 34. Re6+ Kg7 35. R1e3 c5 36. Bc4 Rf6 37. Rxf6 Kxf6 38. Rd3 Ke7 39. Re3+ Kf6 40. Rd3 Kg7 41. Rd6 Nf6 42. Bd8 Ne4 43. Rd7+ Kf8 44. Be7+ Ke8 45. Rxb7 Nd2+ 46. Kf4 Nxc4 47. bxc4 Bd2+ 48. Ke5 Be1 49. Ke6 Bxf2 50. Bd6 Rd8 51. Rg7 Rxd6+ 52. Kxd6 Bxg3+ 53. Kxc5 Kf8 54. Rxg6 1-0

[Event "Olympiad-36"]
[Site "Mallorca"]
[Date "2004.10.23"]
[Round "8"]
[White "Warner, Delisle"]
[Black "Juarez Flores, Roberto Alfonso"]
[Result "1/2-1/2"]
[WhiteElo "2291"]
[BlackElo "2207"]
[PlyCount "118"]
[EventDate "2004.10.15"]
[EventType "team-swiss"]
[EventRounds "14"]
[EventCountry "ESP"]
[SourceTitle "CBM 104"]
[Source "ChessBase"]
[SourceDate "2005.01.27"]
[SourceVersion "1"]
[SourceVersionDate "2005.01.27"]
[SourceQuality "1"]
[WhiteTeam "Barbados"]
[BlackTeam "Guatemala"]
[WhiteTeamCountry "BAR"]
[BlackTeamCountry "GUA"]

1. Nf3 Nf6 2. c4 g6 3. Nc3 Bg7 4. e4 d6 5. d4 0-0 6. Be2 c5 7. 0-0 Bg4 8. Be3 Na6 9. h3 Bxf3 10. Bxf3 Rb8 11. Qd2 b6 12. d5 Nc7 13. a4 Nfe8 14. Be2 e5 15. a5 f5 16. exf5 gxf5 17. f4 e4 18. axb6 axb6 19. g4 Qh4 20. Kg2 Qe7 21. g5 b5 22. Nxb5 Nxb5 23. cxb5 Qb7 24. Ra5 Nc7 25. b4 Kh8 26. bxc5 dxc5 27. Bc4 Rfd8 28. d6 Ne8 29. Ra6 h6 30. h4 Kh7 31. Bxc5 e3+ 32. Qd5 Qxd5+ 33. Bxd5 Rxb5 34. Rc1 e2 35. Rc6 Nxd6 36. Be6 Rxc5 37. R6xc5 Re8 38. Bd7 e1Q 39. Rxe1 Rxe1 40. Rd5 hxg5 41. hxg5 Bf8 42. Bxf5+ Nxf5 43. Rxf5 Bg7 44. Rb5 Re3 45. f5 Ra3 46. Rb7 Kg8 47. g6 Ra5 48. Rf7 Ra3 49. Kf2 Rb3 50. Ke2 Ra3 51. Kf2 Rb3 52. Kg2 Ra3 53. Kh2 Rb3 54. Ra7 Rb5 55. Ra8+ Bf8 56. f6 Rh5+ 57. Kg3 Rg5+ 58. Kf4 Rxg6 59. Kf5 Rg1 1/2-1/2

[Event "San Salvador op"]
[Site "San Salvador"]
[Date "2003.12.10"]
[Round "2"]
[White "Nedev, Trajce"]
[Black "Juarez Flores, Roberto Alfonso"]
[Result "1-0"]
[WhiteElo "2480"]
[BlackElo "2161"]
[PlyCount "111"]
[EventDate "2003.12.09"]
[EventType "swiss"]
[EventRounds "9"]
[EventCountry "ESA"]
[SourceTitle "CBM 097 Extra"]
[Source "ChessBase"]
[SourceDate "2004.01.13"]
[SourceVersion "1"]
[SourceVersionDate "2004.01.13"]
[SourceQuality "1"]

1. e4 g6 2. d4 Bg7 3. Nc3 d6 4. Bg5 a6 5. Nf3 b5 6. Bd3 Nd7 7. a4 b4 8. Ne2 Ngf6 9. Qd2 h6 10. Be3 Ng4 11. Qxb4 Rb8 12. Qa3 Nxe3 13. fxe3 c5 14. a5 Qc7 15. Nf4 e6 16. 0-0 0-0 17. c3 c4 18. Bc2 Bb7 19. h3 Nf6 20. Nd2 Rbc8 21. Ne2 e5 22. d5 h5 23. Qb4 Nh7 24. Ra4 Bh6 25. Nxc4 Rfd8 26. Qb6 Qe7 27. Rb4 Rc7 28. Ba4 Bc8 29. Bc6 Ng5 30. Nd2 Rf8 31. Kh2 f5 32. exf5 gxf5 33. Rh4 Kh7 34. Rxh5 Rg8 35. Qb4 Qg7 36. Rf2 Qg6 37. Qh4 Rcg7 38. Rxh6+ Qxh6 39. Qxh6+ Kxh6 40. b4 Nf7 41. Nc4 Ng5 42. Nd2 Nh7 43. c4 Nf6 44. b5 Rh8 45. Rf3 Nh5 46. b6 Rhg8 47. Rf2 Kg6 48. Nf3 Kh6 49. Nh4 Kg5 50. Nf3+ Kh6 51. Nd2 e4 52. Nb3 f4 53. Nxf4 Nxf4 54. exf4 e3 55. Re2 Bxh3 56. Kxh3 1-0

[Event "GUA Exp/Mae"]
[Site "Guatemala City"]
[Date "1996.??.??"]
[Round "4"]
[White "Chin, Carlos Rudy"]
[Black "Juarez Flores, Roberto Alfonso"]
[Result "1/2-1/2"]
[WhiteElo "1985"]
[BlackElo "2050"]
[PlyCount "94"]
[EventDate "1996.??.??"]
[EventType "tourn"]
[EventRounds "9"]
[EventCountry "GUA"]
[SourceTitle "EXT 2001"]
[Source "ChessBase"]
[SourceDate "2000.11.22"]
[SourceVersion "1"]
[SourceVersionDate "2000.11.22"]
[SourceQuality "1"]

1. d4 d5 2. c4 e5 3. e3 exd4 4. exd4 Nf6 5. Nc3 Be6 6. cxd5 Nxd5 7. Nf3 Be7 8. Bd3 0-0 9. 0-0 Nc6 10. Be3 Ncb4 11. Bb1 Nxc3 12. bxc3 Nd5 13. Qd3 Nf6 14. Ng5 g6 15. Nxe6 fxe6 16. Bh6 Rf7 17. Qh3 Bf8 18. Bc2 Bxh6 19. Qxh6 Nd5 20. Bb3 Qf6 21. Rae1 c6 22. Qh3 Re7 23. c4 Nb6 24. Re5 Nd7 25. Re4 c5 26. d5 exd5 27. Rxe7 Qxe7 28. cxd5 Qd6 29. Re1 Nf8 30. Qd3 a6 31. a4 Rb8 32. Bc4 Rd8 33. h4 Rd7 34. Qf3 Rf7 35. Qd3 Kg7 36. g3 Qf6 37. Qe3 Qd6 38. Qc3+ Kg8 39. Qe3 Rc7 40. Qd3 Rc8 41. Qe3 Rd8 42. h5 Rd7 43. h6 Rf7 44. Qg5 Rf6 45. Qe3 g5 46. Qxg5+ Rg6 47. Qe7 Rxg3+ 1/2-1/2

[Event "GUA Exp/Mae"]
[Site "Guatemala City"]
[Date "1996.??.??"]
[Round "6"]
[White "Reyes, Cesar"]
[Black "Juarez Flores, Roberto Alfonso"]
[Result "1-0"]
[WhiteElo "2305"]
[BlackElo "2050"]
[PlyCount "81"]
[EventDate "1996.??.??"]
[EventType "tourn"]
[EventRounds "9"]
[EventCountry "GUA"]
[SourceTitle "EXT 2001"]
[Source "ChessBase"]
[SourceDate "2000.11.22"]
[SourceVersion "1"]
[SourceVersionDate "2000.11.22"]
[SourceQuality "1"]

1. d4 d5 2. Nf3 e6 3. c4 c5 4. Nc3 cxd4 5. Nxd4 e5 6. Nf3 d4 7. Nd5 Nc6 8. e4 f6 9. Be2 Bb4+ 10. Nxb4 Nxb4 11. Qa4+ Nc6 12. b4 Bd7 13. 0-0 Nge7 14. b5 Nb8 15. Ba3 0-0 16. Ne1 Be6 17. Qb4 Re8 18. Nd3 Nd7 19. f4 Rc8 20. Rac1 b6 21. fxe5 fxe5 22. c5 bxc5 23. Nxc5 Nxc5 24. Rxc5 Ng6 25. Bc4 Qd7 26. Qb3 Nf4 27. g3 Bxc4 28. Qxc4+ Ne6 29. Rc6 d3 30. Bb2 Rcd8 31. Bxe5 d2 32. Rd6 Qe7 33. Qd5 Rxd6 34. Bxd6 Qd7 35. e5 h6 36. a4 Kh8 37. Qxd2 Ng5 38. Qg2 Qg4 39. Qc6 Rc8 40. Qd5 Nh3+ 41. Kh1 1-0

[Event "Guatemala Exp-Mae"]
[Site "Guatemala City"]
[Date "1995.??.??"]
[Round "?"]
[White "Juarez Flores, Carlos Armando"]
[Black "Juarez Flores, Roberto Alfonso"]
[Result "1-0"]
[WhiteElo "2405"]
[BlackElo "2240"]
[PlyCount "51"]
[EventDate "1995.??.??"]
[EventType "swiss"]
[EventRounds "7"]
[EventCountry "GUA"]
[SourceTitle "EXT 2006"]
[Source "ChessBase"]
[SourceDate "2005.11.24"]
[SourceVersion "1"]
[SourceVersionDate "2005.11.24"]
[SourceQuality "1"]

1. d4 Nf6 2. c4 g6 3. Nc3 Bg7 4. e4 d6 5. f3 0-0 6. Be3 e5 7. Nge2 c6 8. d5 cxd5 9. cxd5 Nh5 10. g4 Nf4 11. Nxf4 exf4 12. Bxf4 Qf6 13. Qd2 g5 14. Bxg5 Qxf3 15. Bg2 Qxg4 16. Be7 Re8 17. Bxd6 f5 18. 0-0 fxe4 19. Rf4 Qg6 20. Rxe4 Rxe4 21. Nxe4 Bf5 22. Ng3 Bg4 23. Qf4 Na6 24. Be4 Qh6 25. Qxg4 Qxd6 26. Qxg7+ 1-0

[Event "GUA-ch Mayor fin II"]
[Site "Guatemala City"]
[Date "1992.??.??"]
[Round "?"]
[White "Juarez Flores, Carlos Armando"]
[Black "Juarez Flores, Roberto Alfonso"]
[Result "1-0"]
[WhiteElo "2385"]
[BlackElo "2300"]
[PlyCount "85"]
[EventDate "1992.??.??"]
[EventType "tourn"]
[EventRounds "11"]
[EventCountry "GUA"]
[SourceTitle "EXT 2004"]
[Source "ChessBase"]
[SourceDate "2003.11.25"]
[SourceVersion "1"]
[SourceVersionDate "2003.11.25"]
[SourceQuality "1"]

1. e4 d6 2. d4 Nf6 3. Nc3 g6 4. f3 c6 5. Be3 Nbd7 6. Qd2 b5 7. a4 b4 8. Nce2 a5 9. g4 Ba6 10. g5 Nh5 11. Bh3 Bg7 12. Ng3 Nxg3 13. hxg3 Nb6 14. b3 e5 15. Rd1 d5 16. Qf2 Rb8 17. Ne2 Qc7 18. dxe5 dxe4 19. f4 Nd5 20. Bc5 Rd8 21. Bg2 e3 22. Bxe3 Nxe3 23. Rxd8+ Kxd8 24. Qxe3 h6 25. gxh6 Rxh6 26. Rxh6 Bxh6 27. Nd4 c5 28. Nc6+ Ke8 29. Qxc5 Bb7 30. Bd5 Bf8 31. Qb5 Bxc6 32. Bxc6+ Kd8 33. Qa6 Ke7 34. Qa8 Ke6 35. Qxf8 Qxc6 36. Qd6+ Qxd6 37. exd6 Kxd6 38. Kd2 Kd5 39. c3 bxc3+ 40. Kxc3 Kc5 41. g4 f6 42. b4+ axb4+ 43. Kb3 1-0

[Event "GUA-ch Mayor fin II"]
[Site "Guatemala City"]
[Date "1992.??.??"]
[Round "?"]
[White "Juarez Flores, Roberto Alfonso"]
[Black "Castillo Melenes, Otto Rene"]
[Result "0-1"]
[WhiteElo "2300"]
[BlackElo "2210"]
[PlyCount "107"]
[EventDate "1992.??.??"]
[EventType "tourn"]
[EventRounds "11"]
[EventCountry "GUA"]
[SourceTitle "EXT 2004"]
[Source "ChessBase"]
[SourceDate "2003.11.25"]
[SourceVersion "1"]
[SourceVersionDate "2003.11.25"]
[SourceQuality "1"]

1. g3 d5 2. Bg2 e5 3. d3 Nf6 4. Nf3 Bd6 5. c3 0-0 6. 0-0 c6 7. Nbd2 h6 8. e4 Bg4 9. Qc2 Nbd7 10. Re1 a5 11. a4 Qb6 12. h3 Be6 13. Nf1 dxe4 14. dxe4 Nc5 15. Nh4 Rad8 16. g4 Nb3 17. Rb1 Nxc1 18. Qxc1 Bc5 19. Ne3 Rd3 20. b4 axb4 21. cxb4 Bxe3 22. Rxe3 Rfd8 23. Rxd3 Rxd3 24. Nf5 Bxf5 25. exf5 Qd4 26. Bf1 Rd2 27. Qc5 Qe4 28. Rc1 Qf4 29. Qe3 Rxf2 30. Qxf4 Rxf4 31. b5 Rxa4 32. bxc6 bxc6 33. Rxc6 Ra7 34. Bc4 Kf8 35. Kg2 Ke7 36. Kf3 Ra3+ 37. Kg2 Ra7 38. Kf3 Ra3+ 39. Kg2 Ra7 40. Kf3 Kd7 41. Rb6 Ke7 42. Rc6 Ra3+ 43. Kg2 Rc3 44. Rc7+ Nd7 45. Rc6 e4 46. Bd5 Rxc6 47. Bxc6 Nc5 48. Kf2 Kf6 49. Ke3 Kg5 50. Kd4 Nd3 51. Ke3 Nf4 52. Bxe4 Nxh3 53. Bf3 h5 54. gxh5 0-1

[Event "Guatemala tt Navideno"]
[Site "Guatemala City"]
[Date "1992.??.??"]
[Round "?"]
[White "Juarez Flores, Roberto Alfonso"]
[Black "Mazariegos, Silvia Carolina"]
[Result "1/2-1/2"]
[WhiteElo "2300"]
[BlackElo "2010"]
[PlyCount "65"]
[EventDate "1992.??.??"]
[EventType "team"]
[EventRounds "9"]
[EventCountry "GUA"]
[SourceTitle "EXT 2004"]
[Source "ChessBase"]
[SourceDate "2003.11.25"]
[SourceVersion "1"]
[SourceVersionDate "2003.11.25"]
[SourceQuality "1"]

1. d4 Nf6 2. c4 e6 3. Nc3 Bb4 4. Nf3 0-0 5. g3 Re8 6. Bg2 Bxc3+ 7. bxc3 c5 8. 0-0 Qa5 9. Qc2 d6 10. Bf4 Qc7 11. Rfd1 cxd4 12. cxd4 e5 13. dxe5 dxe5 14. Bxe5 Rxe5 15. Nxe5 Qxe5 16. Rd8+ Ne8 17. Rad1 Nc6 18. Qb2 Qe7 19. R1d7 Bxd7 20. Rxa8 b6 21. e3 h6 22. Qb5 Na5 23. Qa6 Nc6 24. Qb7 Qd6 25. Bd5 g6 26. e4 Kg7 27. Kg2 Nc7 28. e5 Qxe5 29. Bxc6 Bxc6+ 30. Qxc6 Nxa8 31. Qxa8 Qa5 32. Qe4 Qxa2 33. Qe5+ 1/2-1/2

[Event "GUA-ch Mayor fin II"]
[Site "Guatemala City"]
[Date "1992.??.??"]
[Round "?"]
[White "Juarez Flores, Roberto Alfonso"]
[Black "Reyes Najera, Carlos Antonio"]
[Result "0-1"]
[WhiteElo "2300"]
[BlackElo "2275"]
[PlyCount "51"]
[EventDate "1992.??.??"]
[EventType "tourn"]
[EventRounds "11"]
[EventCountry "GUA"]
[SourceTitle "EXT 2004"]
[Source "ChessBase"]
[SourceDate "2003.11.25"]
[SourceVersion "1"]
[SourceVersionDate "2003.11.25"]
[SourceQuality "1"]

1. d4 Nf6 2. c4 e6 3. Nc3 d5 4. Bg5 dxc4 5. e4 h6 6. Bxf6 Qxf6 7. Nf3 Nd7 8. Bxc4 Qd8 9. 0-0 Be7 10. Qe2 0-0 11. e5 Re8 12. d5 exd5 13. Nxd5 Bd6 14. e6 Rxe6 15. Ne3 Re8 16. Rad1 Nf6 17. Qc2 Be6 18. Nf5 Qd7 19. Bxe6 Qxe6 20. Nxd6 cxd6 21. Qa4 d5 22. Qb3 Qa6 23. Nd4 Re7 24. Nf5 Re5 25. Qf3 Rae8 26. a3 0-1

[Event "GUA-ch Mayor"]
[Site "Guatemala City"]
[Date "1991.??.??"]
[Round "?"]
[White "Juarez Flores, Carlos Armando"]
[Black "Juarez Flores, Roberto Alfonso"]
[Result "1-0"]
[WhiteElo "2385"]
[BlackElo "2300"]
[PlyCount "109"]
[EventDate "1991.??.??"]
[EventType "tourn"]
[EventRounds "11"]
[EventCountry "GUA"]
[SourceTitle "EXT 2004"]
[Source "ChessBase"]
[SourceDate "2003.11.25"]
[SourceVersion "1"]
[SourceVersionDate "2003.11.25"]
[SourceQuality "1"]

1. e4 c5 2. Nf3 g6 3. d4 cxd4 4. Nxd4 Bg7 5. c4 Nf6 6. Nc3 Nc6 7. Be3 Ng4 8. Qxg4 Nxd4 9. Qd1 e5 10. Bd3 0-0 11. 0-0 d6 12. Qd2 Be6 13. Ne2 a6 14. Nxd4 exd4 15. Bh6 Rb8 16. Bxg7 Kxg7 17. Be2 Qf6 18. Rfd1 Rfc8 19. Qxd4 Qxd4 20. Rxd4 Kf8 21. Rad1 Rc6 22. Rxd6 Bxc4 23. Rxc6 Bxe2 24. Re1 bxc6 25. Rxe2 Ke7 26. f4 a5 27. Kf2 a4 28. Ke3 Kd6 29. Kd4 Rb4+ 30. Kc3 Kc5 31. g3 h5 32. e5 Rc4+ 33. Kd3 Rd4+ 34. Ke3 Rd1 35. Rc2+ Kb5 36. Rd2 Re1+ 37. Kd3 c5 38. Re2 c4+ 39. Kd2 Ra1 40. a3 Rh1 41. e6 fxe6 42. Re5+ Kc6 43. Rxe6+ Kc5 44. Rxg6 Rxh2+ 45. Kc3 h4 46. Rg5+ Kb6 47. g4 Rf2 48. f5 h3 49. Rh5 h2 50. Kxc4 Rxb2 51. g5 Rf2 52. f6 Rf4+ 53. Kd5 Rf5+ 54. Ke6 Rxg5 55. Rxh2 1-0